000 00854njm a22002297a 4500
005 20100908144623.0
006 a|||||r|||||00| 0
007 sd ammalaaahaa
008 100908t xxu||||| |||| 00| 0 eng d
028 _a4965
_bCapitol
035 _aGR-01349
040 _aSED
_cSED
100 _917690
_aHadjidakis, Manos
245 _aIn The Cool Of The Day /
_csung by Manos Hadjidakis, L.Sullivan-Nikos Gatson;
_h[Sound Recording] :
260 _aDum Dum India
_bCapitol
300 _a1 sound disc (Gramophone Recording)
_banalog, 33 1/3 rpm
_c9.5 in. (MP)
_fGramophone Record
500 _aBrief Record
505 _aSide-2 Those lazy-Hazy-Crazy Days of Summer (C.Tobias-H.Carste)
650 _aClassical Music
_xExcerpts
_zIndia
_917691
942 _2ddc
_cGR
999 _c44583
_d44583